Normal view MARC view
  • Automatic Speech and Speaker Recognition

Entry Topical Term

Number of records used in: 1

001 - CONTROL NUMBER

  • control field: 106579

003 - CONTROL NUMBER IDENTIFIER

  • control field: NUST

005 - DATE AND TIME OF LATEST TRANSACTION

  • control field: 20221231154925.0

008 - FIXED-LENGTH DATA ELEMENTS

  • fixed length control field: 221231|| aca||aabn | a|a d

040 ## - CATALOGING SOURCE

  • Original cataloging agency: NUST
  • Transcribing agency: NUST

150 ## - HEADING--TOPICAL TERM

  • Topical term or geographic name entry element: Automatic Speech and Speaker Recognition

670 ## - SOURCE DATA FOUND

  • Source citation: Work cat.: (NUST)194277: Chin-Hui Lee 106578, Automatic Speech and Speaker Recognition , 1996.
© 2023 Central Library, National University of Sciences and Technology. All Rights Reserved.